000 01100nam0a22002771 4500
001 rc\3226334
005 20130115141211.1
021 _aRU
_b[73-21904]
035 _a(NLR Aleph) 007469391
090 _a7400232
_c7400232
100 _a20130115d1973 |||y0rusy50 ca
101 0 _arus
102 _aRU
105 _ay z |||||
200 1 _aИнструкция по программированию на языке СЛЭНГ
_fПод ред. канд. техн. наук, доц. Челнокова Н.И.
_gМ-во высш. и сред. спец. образования СССР. Моск. энерг. ин-т. Вычислит. центр
210 _aМосква
_cБ. и.
_d1973
215 _a65 с.
_d20
606 _aАлгоритмические языки
_2psbo
606 _aЦифровые вычислительные машины
_xПрограммирование
_2psbo
700 1 _aЕвстигнеев
_bЛ. С.
702 1 _aЧелноков
_bН. И.
_4340
801 0 _aRU
_bNLR
_gpsbo
801 1 _aRU
_bELAR
_2rusmarc
852 _aNLR
_j73-4/4990
942 _cBOOK
980 _aNB